| 000 | 00710nam a2200193Ia 4500 | ||
|---|---|---|---|
| 005 | 20250508160235.0 | ||
| 008 | 008 250505s9999 xx 000 0 eng d | ||
| 037 | _aBooks to be hide in OPAC | ||
| 040 |
_aFEDL _beng _cFEDL |
||
| 041 |
_aeng _2eng |
||
| 084 |
_a371.26, NCE/O _qFEDL |
||
| 100 |
_aGayen A K (et. al) _9764868 |
||
| 245 | 0 | _aMeasurement of achievements in history, civics and economics: A statistical study on the effectiveness of external examinations | |
| 245 | 0 | _cN C E R T | |
| 300 | _axviii,170p. | ||
| 546 | _aReport No. 5th of the research project on examinations Indian Institute of Technology, Kharagpur | ||
| 942 |
_cHB _h371.26, NCE/O |
||
| 999 |
_c1362975 _d1362975 |
||